| 000 | 01011nam a2200265Ia 4500 | ||
|---|---|---|---|
| 003 | OSt | ||
| 005 | 20221005104720.0 | ||
| 006 | a|||||r|||| 00| 0 | ||
| 007 | ta | ||
| 008 | 221004b |||||||| |||| 00| 0 hin d | ||
| 020 | _a9789380172804 (pbk) | ||
| 024 | _a27449 | ||
| 037 |
_bGift, 27/07/2016, _cTextual |
||
| 040 |
_aCRL _cCRL _bhin |
||
| 041 |
_2hin _ahin |
||
| 082 | _aQ4:4198.2, 152N3;Q6 | ||
| 100 | _aप्रियसेन सिंह | ||
| 245 | 0 | _aभारत के प्रमुख बौद्ध तीर्थस्थल | |
| 246 | _aBhārat ke pramukh bauddha tīrthasthala | ||
| 260 |
_aदिल्ली _bविश्वविद्यालय हिंदी माध्यम कार्यान्वय निदेशालय भारत _c2016 |
||
| 300 |
_a237पृ0 _ccm. |
||
| 650 | _aधर्म | ||
| 942 |
_hQ4:4198.2, 152N3;Q6 _cTEXL _2cc |
||
| 999 |
_c1013569 _d1013569 |
||